00658nam a2200229 a 4500001001300000003000900013005001700022008004100039020001000080082001600090245002700106260003600133300000900169500003500178505003100213650001900244710002100263902000800284942000700292952011600299999001300415nice12345678IN_TiNIC20260116011323.0050524s1880 beia grp 000 0 ara  ac10000a892.73bCOU aQissa Kardo Al Hindiya aBeirutbCouncil of Karaarc1880 a122p aincludes index and biblioraphy2 aNotes, Bibliography, Index aArabic-Fiction2 aCouncil of Karar bSRS cBK 001040708StackRoom-aHMIbHMId2007-06-04g100.00l0o892.73 COUp03829r2007-06-04v100.00w2005-05-24yBK c478d478